000 00760nam a2200205 a 4500
001 000034453
005 20200930073716.0
008 111004s2000 sp a 000 0 spa d
020 _a8471837102
020 _a8471837110 (tomo 1)
020 _a8471837129 (tomo 2)
040 _aDO-SdBNP
_bspa
_cBNPHU
082 _axxx
100 1 _aEvelegh, Tessa
_959885
245 1 3 _aLa gran enciclopedia de los arreglos de mesa /
_cTessa Evelegh.
260 _aBarcelona, España :
_bHymsa,
_c2000.
300 _a2 v. :
_bil. ;
_c29 cm.
500 _a100 diseños, ideas y diagramas para arreglar mesas, con más de 60 magníficos proyectos realizados paso a paso
505 0 _gVolumen 1 :
_tDiseños creativos y originales --
_gVolumen 2 :
_tEstilos elegantes y personales
999 _c33944
_d33944